[Event "Asia-ch Amateur (Women)"]
[Site "Dubai"]
[Date "2023.09.01"]
[Round "7"]
[White "Eman, Sawan"]
[Black "Mariam, Essa"]
[Result "1-0"]
[WhiteElo "1739"]
[BlackElo "1570"]
[PlyCount "103"]
[EventDate "2023.08.28"]
[EventType "swiss"]
[EventRounds "9"]
[EventCountry "UAE"]
[SourceTitle "EXT 2024"]
[Source "ChessBase"]
[SourceDate "2023.10.10"]
[SourceVersion "1"]
[SourceVersionDate "2023.10.10"]
[SourceQuality "1"]

1. e4 c5 2. Nf3 e6 3. d4 cxd4 4. Nxd4 Nf6 5. Bd3 Nc6 6. Nxc6 bxc6 7. 0-0 Bc5 8. e5 Nd5 9. Qg4 g6 10. a3 a5 11. c4 Ba6 12. Rd1 Nb6 13. Bg5 Be7 14. Bxe7 Qxe7 15. Nc3 Qc5 16. Qf4 f5 17. exf6 0-0 18. Ne4 Qf5 19. Qh6 Rxf6 20. Nxf6+ Qxf6 21. b3 d5 22. Qe3 d4 23. Qe4 e5 24. Re1 Nd7 25. b4 Rb8 26. Rab1 axb4 27. axb4 Bb7 28. c5 Rf8 29. f3 Qg5 30. Qg4 Qe7 31. Qxd4 Qd8 32. Bc4+ Kg7 33. Qe4 Rf4 34. Qe2 Bc8 35. g3 Rd4 36. Be6 e4 37. Rbd1 Rxb4 38. Qd2 Rb7 39. Qd4+ Qf6 40. Qxf6+ Kxf6 41. Bxd7 Rxd7 42. Rxd7 Bxd7 43. Rxe4 Bf5 44. Rd4 Ke7 45. Rd6 Bd7 46. Kf2 Kd8 47. Ke3 Kc7 48. Kf4 Bf5 49. g4 Bc2 50. h4 Bb3 51. Kg5 Bd5 52. f4 1-0

[Event "Asia-ch Amateur (Women)"]
[Site "Dubai"]
[Date "2023.08.31"]
[Round "5"]
[White "Gamage, Desandhi Dhihansa"]
[Black "Mariam, Essa"]
[Result "1-0"]
[WhiteElo "1495"]
[BlackElo "1570"]
[PlyCount "131"]
[EventDate "2023.08.28"]
[EventType "swiss"]
[EventRounds "9"]
[EventCountry "UAE"]
[SourceTitle "EXT 2024"]
[Source "ChessBase"]
[SourceDate "2023.10.10"]
[SourceVersion "1"]
[SourceVersionDate "2023.10.10"]
[SourceQuality "1"]

1. e4 c5 2. Nc3 Nc6 3. Bb5 Nd4 4. Nf3 Nxb5 5. Nxb5 a6 6. Nc3 e6 7. d4 cxd4 8. Qxd4 Ne7 9. Be3 b5 10. 0-0 Nc6 11. Qd2 Be7 12. Nd4 Ne5 13. f4 Nc4 14. Qc1 Bb4 15. Nce2 Bb7 16. Ng3 h5 17. b3 h4 18. Nge2 Ba3 19. Qb1 Nxe3 20. Rf3 Ng4 21. b4 Bxb4 22. Qxb4 Qe7 23. Qd2 Bxe4 24. Rh3 Rc8 25. Nc3 Bb7 26. Re1 Rh5 27. Qd1 Nf6 28. Re5 Rxe5 29. fxe5 Nd5 30. Ne4 Nf4 31. Nd6+ Kf8 32. Rb3 Qg5 33. g3 Rc4 34. Nxc4 Bd5 35. Qf1 Nh5 36. Nd6 f6 37. Nf3 Qg4 38. Rc3 Bc6 39. exf6 gxf6 40. Qf2 hxg3 41. hxg3 Nxg3 42. Kh2 Nf1+ 43. Qxf1 Qf4+ 44. Kg1 Qxd6 45. Qf2 Qd5 46. a3 Ke7 47. Rd3 Qe4 48. Qh4 Qxh4 49. Nxh4 Be4 50. Rd2 d5 51. Kf2 Kd6 52. Ke3 Kc5 53. Nf3 e5 54. Rf2 Bh7 55. Ne1 d4+ 56. Kd2 f5 57. Nd3+ Kd5 58. Nb4+ Kc4 59. Nxa6 f4 60. Nb4 Bg6 61. Rg2 Bxc2 62. Nxc2 f3 63. Rf2 e4 64. Kd1 Kd5 65. Ne1 d3 66. Kd2 1-0

[Event "Asia-ch Amateur (Women)"]
[Site "Dubai"]
[Date "2023.08.30"]
[Round "4"]
[White "Mariam, Essa"]
[Black "Rouda Essa, Alserkal"]
[Result "0-1"]
[WhiteElo "1570"]
[BlackElo "1775"]
[PlyCount "78"]
[EventDate "2023.08.28"]
[EventType "swiss"]
[EventRounds "9"]
[EventCountry "UAE"]
[SourceTitle "EXT 2024"]
[Source "ChessBase"]
[SourceDate "2023.10.10"]
[SourceVersion "1"]
[SourceVersionDate "2023.10.10"]
[SourceQuality "1"]

1. Nf3 Nf6 2. c4 e6 3. g3 d5 4. Bg2 Be7 5. d4 0-0 6. 0-0 c6 7. Nc3 b6 8. Qc2 Bb7 9. e4 dxc4 10. e5 Nd5 11. Nxd5 cxd5 12. h4 Nc6 13. a3 b5 14. Bg5 h6 15. Bxe7 Qxe7 16. Rfe1 b4 17. axb4 Nxb4 18. Qc3 Nd3 19. Re2 Rfc8 20. b3 Qb4 21. Qxb4 Nxb4 22. bxc4 dxc4 23. Ne1 Bxg2 24. Kxg2 Rd8 25. Ra4 a5 26. Nc2 Nxc2 27. Rxc2 Rxd4 28. Rcxc4 Rxc4 29. Rxc4 a4 30. Rc2 Kf8 31. Kf3 Ke7 32. Rc7+ Ke8 33. Rc2 Kd7 34. Ke4 a3 35. Ra2 Kc6 36. Kd4 Kb5 37. Kc3 Ka4 38. Re2 Rc8+ 39. Kd4 Kb3 0-1

[Event "Asia-ch Amateur (Women)"]
[Site "Dubai"]
[Date "2023.08.29"]
[Round "2"]
[White "Mariam, Essa"]
[Black "Rani, Puja"]
[Result "1-0"]
[WhiteElo "1570"]
[BlackElo "1198"]
[PlyCount "71"]
[EventDate "2023.08.28"]
[EventType "swiss"]
[EventRounds "9"]
[EventCountry "UAE"]
[SourceTitle "EXT 2024"]
[Source "ChessBase"]
[SourceDate "2023.10.10"]
[SourceVersion "1"]
[SourceVersionDate "2023.10.10"]
[SourceQuality "1"]

1. b3 d5 2. Bb2 Nc6 3. e3 e5 4. Bb5 Bd6 5. h3 Bd7 6. Nf3 Qe7 7. 0-0 Nf6 8. c4 0-0 9. d4 b6 10. Bxc6 Bxc6 11. dxe5 Bxe5 12. Nxe5 Bb7 13. Ng4 Ne4 14. cxd5 Rad8 15. Nc3 Nxc3 16. Bxc3 Rxd5 17. Qe2 h5 18. Nh2 Rg5 19. f3 Qe6 20. g4 hxg4 21. hxg4 f5 22. Qc4 Bd5 23. Qf4 Rg6 24. g5 Qe7 25. Rad1 c6 26. Bb4 Rxg5+ 27. Kf2 Qf6 28. Rg1 Rh5 29. Nf1 Rh4 30. Qd6 Qxd6 31. Bxd6 Re8 32. Rd4 Rh3 33. Rf4 Re6 34. Bb8 g6 35. Rxf5 a6 36. e4 1-0

[Event "Dubai op-B 23rd"]
[Site "Dubai"]
[Date "2023.06.04"]
[Round "9"]
[White "Arnab, Jena"]
[Black "Mariam, Essa"]
[Result "0-1"]
[WhiteElo "1761"]
[BlackElo "1583"]
[PlyCount "72"]
[EventDate "2023.05.27"]
[EventType "swiss"]
[EventRounds "9"]
[EventCountry "UAE"]
[SourceTitle "CBM 214 Extra"]
[Source "ChessBase"]
[SourceDate "2023.07.31"]
[SourceVersion "1"]
[SourceVersionDate "2023.07.31"]
[SourceQuality "1"]

1. Nf3 d5 2. d4 c6 3. c4 a6 4. cxd5 cxd5 5. Bf4 Nf6 6. Nc3 Nc6 7. e3 Bg4 8. Bd3 e6 9. 0-0 Bd6 10. Bg3 0-0 11. Rc1 Nh5 12. Bxd6 Qxd6 13. Bxh7+ Kh8 14. Bd3 g6 15. h3 Bxf3 16. Qxf3 Kg7 17. Na4 e5 18. dxe5 Nxe5 19. Qe2 Rac8 20. a3 d4 21. Rcd1 dxe3 22. Bf5 exf2+ 23. Rxf2 Ng3 24. Rxd6 Nxe2+ 25. Rxe2 Rc1+ 26. Kh2 Nc4 27. Rd7 gxf5 28. Rc7 b5 29. Nc5 Kg6 30. Nd7 Rd8 31. b3 Rd1 32. Re7 Nd2 33. Rc6+ Kg5 34. Ne5 Nf1+ 35. Kg1 Ng3+ 36. Kh2 Kf4 0-1

[Event "Dubai op-B 23rd"]
[Site "Dubai"]
[Date "2023.05.30"]
[Round "4"]
[White "Saif, Ahmed"]
[Black "Mariam, Essa"]
[Result "1-0"]
[WhiteElo "1870"]
[BlackElo "1583"]
[PlyCount "81"]
[EventDate "2023.05.27"]
[EventType "swiss"]
[EventRounds "9"]
[EventCountry "UAE"]
[SourceTitle "CBM 214 Extra"]
[Source "ChessBase"]
[SourceDate "2023.07.31"]
[SourceVersion "1"]
[SourceVersionDate "2023.07.31"]
[SourceQuality "1"]

1. e4 c5 2. Nf3 Nc6 3. d4 cxd4 4. Nxd4 e5 5. Nb5 d6 6. c4 Be6 7. N1c3 a6 8. Na3 Nf6 9. Be2 g6 10. Bg5 Bg7 11. 0-0 0-0 12. Nc2 Qb6 13. Be3 Qd8 14. Rc1 Rc8 15. f3 Nh5 16. Qd2 Nf4 17. Rfd1 Nxe2+ 18. Qxe2 Nd4 19. Nxd4 exd4 20. Bxd4 Bxd4+ 21. Rxd4 Qb6 22. Qf2 Bxc4 23. Rcd1 Rfd8 24. Kh1 Qa5 25. Qd2 b5 26. a3 Rc6 27. e5 Bb3 28. Re1 Qc7 29. Ne4 d5 30. Nf6+ Kg7 31. Rh4 h5 32. Qg5 Kf8 33. Nh7+ Ke8 34. Nf6+ Kf8 35. g4 d4 36. Nh7+ Ke8 37. Nf6+ Kf8 38. gxh5 Qa5 39. Rg1 gxh5 40. Rxd4 Rxd4 41. Qg8+ 1-0

[Event "Olympiad Women-44"]
[Site "Chennai"]
[Date "2022.07.30"]
[Round "2.4"]
[White "Sokolova, Victoria"]
[Black "Mariam, Essa"]
[Result "0-1"]
[WhiteElo "1193"]
[BlackElo "1591"]
[PlyCount "120"]
[EventDate "2022.07.29"]
[EventType "team-swiss"]
[EventRounds "11"]
[EventCountry "IND"]
[SourceTitle "CBM 210"]
[Source "ChessBase"]
[SourceDate "2022.10.31"]
[SourceVersion "1"]
[SourceVersionDate "2022.10.31"]
[SourceQuality "1"]
[WhiteTeam "Cyprus (W)"]
[BlackTeam "United Arab Emirates (W)"]
[WhiteTeamCountry "CYP"]
[BlackTeamCountry "UAE"]

1. c4 c5 2. Nf3 g6 3. Nc3 Bg7 4. d4 Nf6 5. Bf4 cxd4 6. Nxd4 d6 7. Bd2 0-0 8. e4 Qb6 9. Nb3 Ng4 10. Qe2 Nc6 11. Nd5 Qd8 12. h3 Nge5 13. f4 e6 14. Nc3 Nd7 15. Qf2 Nc5 16. Nxc5 dxc5 17. Qxc5 Bd4 18. Qg5 Bf2+ 19. Kxf2 Qxd2+ 20. Be2 Qxb2 21. Rhc1 Qd2 22. Qg3 Qd4+ 23. Qe3 Qxe3+ 24. Kxe3 e5 25. fxe5 Nxe5 26. Nd5 Kg7 27. Kd4 Nc6+ 28. Ke3 Bd7 29. Rd1 Rad8 30. Rab1 b6 31. Rb3 Na5 32. Rb2 Bc6 33. Rd4 Rfe8 34. Rbd2 Re5 35. Nb4 Rxd4 36. Rxd4 f5 37. Nxc6 Nxc6 38. Rd7+ Kh6 39. Bd3 fxe4 40. Bxe4 a6 41. Rd6 Na5 42. Rd5 Nxc4+ 43. Kd4 Rxd5+ 44. Bxd5 Nd6 45. Ke5 Nb5 46. Kf6 Nc7 47. Bf3 g5 48. g3 Ne8+ 49. Ke7 Ng7 50. Kf6 Nh5+ 51. Bxh5 Kxh5 52. Kg7 b5 53. Kxh7 b4 54. g4+ Kh4 55. Kg6 a5 56. Kf5 a4 57. Ke4 b3 58. axb3 a3 59. Kd3 a2 60. Kc2 a1Q 0-1

[Event "Arab-ch (Women)"]
[Site "Abu Dhabi"]
[Date "2021.11.30"]
[Round "7"]
[White "Mariam, Essa"]
[Black "Taqwa, Hamouri"]
[Result "0-1"]
[WhiteElo "1606"]
[BlackElo "1113"]
[PlyCount "102"]
[EventDate "2021.11.26"]
[EventType "swiss"]
[EventRounds "9"]
[EventCountry "UAE"]
[SourceTitle "CBM 205 Extra"]
[Source "ChessBase"]
[SourceDate "2022.01.31"]
[SourceVersion "1"]
[SourceVersionDate "2022.01.31"]
[SourceQuality "1"]

1. e4 d6 2. d4 Nf6 3. Nc3 g6 4. f4 Bg7 5. Nf3 c5 6. Bb5+ Bd7 7. Bxd7+ Nfxd7 8. 0-0 cxd4 9. Nxd4 Qb6 10. Be3 Qd8 11. f5 Nc6 12. fxg6 hxg6 13. Qd2 Nde5 14. Nd5 Ng4 15. c3 Nxe3 16. Qxe3 e6 17. Nxc6 bxc6 18. Qf3 Rf8 19. Nf4 Qb6+ 20. Rf2 Bh6 21. Kh1 Bxf4 22. Qxf4 d5 23. Rd1 Qb8 24. Qf3 Qb5 25. Qg4 Qc5 26. Rdf1 Rd8 27. Rxf7 Rxf7 28. Qxg6 Qe7 29. e5 Kf8 30. Qh6+ Kg8 31. Rf6 Rdf8 32. Rg6+ Rg7 33. Rf6 Qc7 34. Rxf8+ Kxf8 35. Qxe6 Qf7 36. Qd6+ Kg8 37. Qd8+ Qf8 38. Qxf8+ Kxf8 39. Kg1 Re7 40. Kf2 Rxe5 41. Kf3 Re4 42. g4 Kg7 43. h4 Kg6 44. b3 a6 45. c4 a5 46. a3 Rd4 47. cxd5 cxd5 48. a4 Rb4 49. Ke3 Rxg4 50. h5+ Kxh5 51. Kd3 Kg5 0-1

[Event "Arab-ch (Women)"]
[Site "Abu Dhabi"]
[Date "2021.11.27"]
[Round "2"]
[White "Mariam, Essa"]
[Black "Khalil, Manar"]
[Result "1-0"]
[WhiteElo "1606"]
[BlackElo "1822"]
[PlyCount "73"]
[EventDate "2021.11.26"]
[EventType "swiss"]
[EventRounds "9"]
[EventCountry "UAE"]
[SourceTitle "CBM 205 Extra"]
[Source "ChessBase"]
[SourceDate "2022.01.31"]
[SourceVersion "1"]
[SourceVersionDate "2022.01.31"]
[SourceQuality "1"]

1. e4 c5 2. Nf3 d6 3. d4 cxd4 4. Nxd4 Nf6 5. Nc3 a6 6. f4 e5 7. Nf3 Qc7 8. a4 Nc6 9. Bd3 Be7 10. 0-0 0-0 11. Kh1 Nb4 12. Qe1 exf4 13. Bxf4 Re8 14. Ng5 h6 15. Nxf7 Kxf7 16. Nd5 Nbxd5 17. exd5 Qd7 18. h3 Rf8 19. Qg3 g5 20. Bd2 Qc7 21. Qf3 Ke8 22. Rae1 Kd8 23. Qe2 b6 24. Bc3 Qd7 25. Bxf6 Rxf6 26. Rxf6 Bxf6 27. Qf2 Be5 28. Qxb6+ Qc7 29. Qf2 Qa5 30. Qf8+ Kc7 31. Rxe5 dxe5 32. d6+ Kc6 33. Be4+ Kc5 34. d7+ Kd4 35. d8Q+ Qxd8 36. Qxd8+ Kxe4 37. Qd3+ 1-0

[Event "Arab-ch (Women)"]
[Site "Abu Dhabi"]
[Date "2021.11.26"]
[Round "1"]
[White "Latreche, Sabrina"]
[Black "Mariam, Essa"]
[Result "1/2-1/2"]
[WhiteElo "2091"]
[BlackElo "1606"]
[PlyCount "86"]
[EventDate "2021.11.26"]
[EventType "swiss"]
[EventRounds "9"]
[EventCountry "UAE"]
[SourceTitle "CBM 205 Extra"]
[Source "ChessBase"]
[SourceDate "2022.01.31"]
[SourceVersion "1"]
[SourceVersionDate "2022.01.31"]
[SourceQuality "1"]

1. e4 c5 2. Nf3 Nc6 3. Nc3 Nf6 4. d4 cxd4 5. Nxd4 e5 6. Nf5 d6 7. Ne3 Be6 8. Bc4 Rc8 9. Ned5 Nb4 10. Bb5+ Nc6 11. Bg5 a6 12. Ba4 b5 13. Bb3 Bxd5 14. Nxd5 Be7 15. Bxf6 Bxf6 16. c3 Bg5 17. 0-0 Ne7 18. a4 0-0 19. axb5 Nxd5 20. Qxd5 Rc5 21. Qd1 axb5 22. Ra6 Be7 23. Bd5 Qd7 24. Qb3 Kh8 25. Rfa1 Qg4 26. Ra7 Qg5 27. Rb7 f5 28. Rxb5 fxe4 29. Rxc5 Qd2 30. Rf1 e3 31. Bf3 dxc5 32. Qd5 exf2+ 33. Rxf2 Qe1+ 34. Rf1 Qe3+ 35. Kh1 e4 36. Qe6 Qd3 37. Re1 exf3 38. Qxe7 fxg2+ 39. Kxg2 Qf3+ 40. Kg1 Qf2+ 41. Kh1 Qf3+ 42. Kg1 Qf2+ 43. Kh1 Qf3+ 1/2-1/2

[Event "Biel ATO op 54th"]
[Site "Biel"]
[Date "2021.07.26"]
[Round "1"]
[White "Wanner, Stefan"]
[Black "Mariam, Essa"]
[Result "1-0"]
[WhiteElo "1963"]
[BlackElo "1561"]
[PlyCount "28"]
[EventDate "2021.07.26"]
[EventType "swiss"]
[EventRounds "9"]
[EventCountry "SUI"]
[SourceTitle "EXT 2022"]
[Source "ChessBase"]
[SourceDate "2021.10.06"]
[SourceVersion "1"]
[SourceVersionDate "2021.10.06"]
[SourceQuality "1"]

1. e4 c5 2. Nf3 Nc6 3. d4 cxd4 4. Nxd4 e5 5. Nb5 d6 6. c4 a6 7. N5c3 Nf6 8. Bg5 Be7 9. Bxf6 Bxf6 10. Nd5 Bg5 11. Nbc3 Be6 12. Be2 0-0 13. 0-0 f5 14. exf5 Bxf5 1-0

[Event "Sharjah Rapid op"]
[Site "Sharjah"]
[Date "2021.04.30"]
[Round "6.17"]
[White "Mariam, Essa"]
[Black "Alhomsi, Mouhammad Ammar"]
[Result "0-1"]
[WhiteElo "1561"]
[BlackElo "1288"]
[PlyCount "84"]
[EventDate "2021.04.29"]
[EventType "swiss (rapid)"]
[EventRounds "9"]
[EventCountry "UAE"]
[SourceTitle "CBM 202 Extra"]
[Source "ChessBase"]
[SourceDate "2021.07.31"]
[SourceVersion "1"]
[SourceVersionDate "2021.07.31"]
[SourceQuality "1"]

1. e4 c5 2. Nc3 Nc6 3. Nf3 Nf6 4. d4 cxd4 5. Nxd4 e5 6. Ndb5 d6 7. Bg5 a6 8. Na3 b5 9. Nd5 Be7 10. Bxf6 Bxf6 11. c3 Bg5 12. Nc2 0-0 13. Be2 f5 14. exf5 Bxf5 15. Ncb4 Nxb4 16. Nxb4 Be4 17. 0-0 Rf6 18. Nd5 Rf8 19. f3 Bf5 20. Bd3 Be6 21. Be4 Kh8 22. Nb4 Rc8 23. Nxa6 Qb6+ 24. Kh1 Qxa6 25. Qd3 Bg8 26. Rfd1 Rcd8 27. a4 Qb6 28. axb5 Qc5 29. Ra6 Bc4 30. Qc2 Bxb5 31. Ra5 Qb6 32. Ra3 Bc6 33. Bxh7 Rxf3 34. Be4 Rf2 35. Qd3 Qxb2 36. Qh3+ Bh6 37. Bxc6 Qxa3 38. Qh4 Rdf8 39. Qc4 Qb3 40. Qd3 Qxd1+ 41. Qxd1 Rf1+ 42. Qxf1 Rxf1# 0-1

[Event "Sharjah Rapid op"]
[Site "Sharjah"]
[Date "2021.04.29"]
[Round "3.17"]
[White "Jawaher, Khalil"]
[Black "Mariam, Essa"]
[Result "1/2-1/2"]
[WhiteElo "1111"]
[BlackElo "1561"]
[PlyCount "103"]
[EventDate "2021.04.29"]
[EventType "swiss (rapid)"]
[EventRounds "9"]
[EventCountry "UAE"]
[SourceTitle "CBM 202 Extra"]
[Source "ChessBase"]
[SourceDate "2021.07.31"]
[SourceVersion "1"]
[SourceVersionDate "2021.07.31"]
[SourceQuality "1"]

1. e4 c5 2. Nf3 Nc6 3. d4 cxd4 4. Nxd4 Nf6 5. Nc3 e5 6. Ndb5 d6 7. Bg5 a6 8. Na3 Be7 9. Bxf6 Bxf6 10. Nc4 Be7 11. Be2 0-0 12. 0-0 Nd4 13. Nd5 Nxe2+ 14. Qxe2 Bg5 15. Ncb6 Rb8 16. Nxc8 Rxc8 17. c3 Qe8 18. Qg4 Be7 19. Nxe7+ Qxe7 20. Rad1 Rfd8 21. Rfe1 Qd7 22. Qxd7 Rxd7 23. Rd3 Rc6 24. Red1 Kf8 25. Kf1 Ke7 26. Ke2 Ke6 27. Ke3 g6 28. f4 exf4+ 29. Kxf4 Rc5 30. Rd5 Rxd5 31. exd5+ Kf6 32. h3 Re7 33. Rd4 Re5 34. g4 Kg7 35. Rb4 Rxd5 36. Rxb7 Ra5 37. Rd7 Rxa2 38. Rxd6 Rxb2 39. Rxa6 Rc2 40. Rc6 Rf2+ 41. Ke5 Re2+ 42. Kd5 Rd2+ 43. Kc4 Rh2 44. Kd4 Rxh3 45. c4 f5 46. gxf5 gxf5 47. Rc5 Kf6 48. Kd5 Rd3+ 49. Kc6 f4 50. Rd5 Rxd5 51. Kxd5 f3 52. Ke4 1/2-1/2

[Event "Online Olym Div3 B"]
[Site "Chess.com INT"]
[Date "2020.08.09"]
[Round "8.1"]
[White "Mariam, Essa"]
[Black "Roy, Ali"]
[Result "0-1"]
[WhiteElo "1561"]
[BlackElo "1878"]
[PlyCount "72"]
[EventDate "2020.08.07"]
[EventType "team-tourn (rapid)"]
[EventRounds "9"]
[EventCountry "USA"]
[SourceTitle "CBM 198"]
[Source "ChessBase"]
[SourceDate "2020.10.31"]
[SourceVersion "1"]
[SourceVersionDate "2020.10.31"]
[SourceQuality "1"]
[WhiteTeam "United Arab Emirates"]
[BlackTeam "Scotland"]
[WhiteTeamCountry "UAE"]
[BlackTeamCountry "SCO"]

1. e4 e6 2. d4 d5 3. Nc3 Bb4 4. e5 Ne7 5. Bd3 c5 6. Bb5+ Bd7 7. Bxd7+ Nxd7 8. Nge2 Qc7 9. Bd2 cxd4 10. Nb5 Bxd2+ 11. Qxd2 Qxe5 12. 0-0 0-0 13. Nbxd4 Nc5 14. Rae1 Nf5 15. c3 Ne4 16. Qc2 Rac8 17. Qd3 Rc5 18. f3 Ned6 19. Ng3 Qf6 20. Ngxf5 exf5 21. Re2 f4 22. Rfe1 Rcc8 23. Re7 a6 24. R7e5 Nc4 25. Rf5 Qd6 26. Ree5 Ne3 27. Ne2 Nxf5 28. Qxf5 Qb6+ 29. Kf1 Qxb2 30. Rxd5 Rfe8 31. Re5 Qb6 32. Qd7 Qd8 33. Rxe8+ Qxe8 34. Qxb7 Rb8 35. Qxa6 Rb1+ 36. Kf2 Qe3# 0-1

[Event "Online Olym Div3 B"]
[Site "Chess.com INT"]
[Date "2020.08.08"]
[Round "4.3"]
[White "Chen, Chi"]
[Black "Mariam, Essa"]
[Result "1-0"]
[WhiteElo "1588"]
[BlackElo "1561"]
[PlyCount "69"]
[EventDate "2020.08.07"]
[EventType "team-tourn (rapid)"]
[EventRounds "9"]
[EventCountry "USA"]
[SourceTitle "CBM 198"]
[Source "ChessBase"]
[SourceDate "2020.10.31"]
[SourceVersion "1"]
[SourceVersionDate "2020.10.31"]
[SourceQuality "1"]
[WhiteTeam "Taiwan"]
[BlackTeam "United Arab Emirates"]
[WhiteTeamCountry "TPE"]
[BlackTeamCountry "UAE"]

1. d4 Nf6 2. Nf3 g6 3. c4 Bg7 4. Nc3 d6 5. e4 0-0 6. h3 Nbd7 7. Bd3 c5 8. d5 a6 9. 0-0 Rb8 10. a4 Nb6 11. Bf4 Nfd7 12. Qd2 Re8 13. Bh6 Bh8 14. Rfe1 Ne5 15. Nxe5 Bxe5 16. Bf4 Bg7 17. e5 dxe5 18. Bxe5 f6 19. Bxb8 e5 20. Ba7 Nd7 21. Ne4 Qc7 22. a5 f5 23. Ng3 e4 24. Bxe4 fxe4 25. Rxe4 Rf8 26. Re7 Bd4 27. Qh6 Bxf2+ 28. Kh1 Rf7 29. Rxf7 Kxf7 30. Qxh7+ Kf8 31. Ne4 Bd4 32. Rf1+ Ke8 33. Qxg6+ Kd8 34. Qg8+ Ke7 35. Rf7# 1-0

[Event "Online Olym Div3 B"]
[Site "Chess.com INT"]
[Date "2020.08.07"]
[Round "3.3"]
[White "Mariam, Essa"]
[Black "Besa, Masaiti"]
[Result "1/2-1/2"]
[WhiteElo "1561"]
[BlackElo "1768"]
[PlyCount "137"]
[EventDate "2020.08.07"]
[EventType "team-tourn (rapid)"]
[EventRounds "9"]
[EventCountry "USA"]
[SourceTitle "CBM 198"]
[Source "ChessBase"]
[SourceDate "2020.10.31"]
[SourceVersion "1"]
[SourceVersionDate "2020.10.31"]
[SourceQuality "1"]
[WhiteTeam "United Arab Emirates"]
[BlackTeam "Botswana"]
[WhiteTeamCountry "UAE"]
[BlackTeamCountry "BOT"]

1. e4 c5 2. Nc3 g6 3. d4 cxd4 4. Qxd4 Nf6 5. h3 Nc6 6. Qe3 Bg7 7. Bb5 d5 8. Nge2 0-0 9. Bxc6 bxc6 10. 0-0 Ba6 11. Rd1 e6 12. exd5 cxd5 13. Nd4 Re8 14. Qg3 Qb6 15. Na4 Qa5 16. b3 Ne4 17. Qe3 Rec8 18. Bb2 Bb5 19. f3 Ng3 20. Nxe6 Bxb2 21. Nxb2 fxe6 22. Qxe6+ Kh8 23. Qe5+ Kg8 24. Qxd5+ Kg7 25. Qe5+ Kg8 26. Qxg3 Rxc2 27. Nc4 Bxc4 28. bxc4 Rxc4 29. Qd6 Qb6+ 30. Qxb6 axb6 31. Rd7 Rc2 32. Rb7 Ra6 33. a4 Rc4 34. Kf2 Rcxa4 35. Rxa4 Rxa4 36. Rxb6 Ra2+ 37. Kg3 Kf7 38. Rb7+ Kg8 39. f4 Rd2 40. Kf3 Ra2 41. g3 Ra3+ 42. Kg4 h6 43. Kh4 Ra4 44. Kg4 Ra3 45. Re7 Ra4 46. h4 Ra3 47. Rc7 Rb3 48. Rc6 Kg7 49. Rc7+ Kf6 50. Rc6+ Kf7 51. Rc7+ Ke6 52. Rc6+ Kf7 53. Rc7+ Kg8 54. h5 gxh5+ 55. Kxh5 Rxg3 56. Kxh6 Rg4 57. f5 Rg3 58. f6 Kf8 59. Kh7 Rh3+ 60. Kg6 Rg3+ 61. Kf5 Rf3+ 62. Kg5 Rg3+ 63. Kf4 Rg1 64. Ke5 Re1+ 65. Kd4 Rd1+ 66. Ke3 Rf1 67. Rc6 Kf7 68. Rc7+ Kxf6 69. Rc8 1/2-1/2

[Event "Sharjah Cup (Women) 10th"]
[Site "Sharjah"]
[Date "2020.01.09"]
[Round "7"]
[White "Dhyana, Patel"]
[Black "Mariam, Essa"]
[Result "1/2-1/2"]
[WhiteElo "1969"]
[BlackElo "1560"]
[PlyCount "90"]
[EventDate "2020.01.04"]
[EventType "swiss"]
[EventRounds "9"]
[EventCountry "UAE"]
[SourceTitle "CBM 194 Extra"]
[Source "ChessBase"]
[SourceDate "2020.03.31"]
[SourceVersion "1"]
[SourceVersionDate "2020.03.31"]
[SourceQuality "1"]

1. e4 c5 2. Nf3 e6 3. d4 cxd4 4. Nxd4 Nc6 5. Nc3 Nf6 6. Ndb5 d6 7. Bf4 e5 8. Bg5 a6 9. Na3 b5 10. Bxf6 gxf6 11. Nd5 Bg7 12. c3 f5 13. exf5 Bxf5 14. Qf3 Bd7 15. Bd3 Rc8 16. h4 Be6 17. Ne3 d5 18. Bf5 Qf6 19. Qg4 h5 20. Qh3 d4 21. Bxe6 fxe6 22. Nd5 Qf5 23. Qxf5 exf5 24. cxd4 Nxd4 25. 0-0 Rc5 26. Nb4 a5 27. Nd3 Rd5 28. Kh1 Ne2 29. Rfe1 Ng3+ 30. fxg3 Rxd3 31. Nxb5 0-0 32. Nc7 e4 33. Ne6 Bxb2 34. Rab1 Bc3 35. Rec1 Re8 36. Nf4 Rxg3 37. Nxh5 Rd3 38. Nf4 Rg3 39. Nh5 Re3 40. Rb3 Rc8 41. Rb7 Re1+ 42. Rxe1 Bxe1 43. Nf6+ Kf8 44. Nh7+ Kg8 45. Nf6+ Kf8 1/2-1/2